00405nam a2200157Ia 4500003000400000008004100004040001600045082001300061100001800074245004200092260004000134300001000174490002600184650001500210650002200225GCL140319s9999 xx 000 0 eng d aGCL / cGCL04a843bD C1 aDHOTEL, ANDRE10aLE CIEL DU FAUBOURG / cDHOTEL, ANDRE a[S.N] : bBERNARD GRASSET ، c1988 a255 P aLES CAHIERS ROUGESv004aLITERATURE04aFRENCH LITERATURE